000 00514nam a22001817a 4500
003 OSt
005 20201012112113.0
008 201012b ||||| |||| 00| 0 eng d
040 _aDO-SdBNP
_bspa
_cBNPHU
082 _bM385c
100 _aMartìnez Peña, R.E
_976848
245 _aCancer bucal /
_cR. E. Martìnez Peña
260 _aSanto Domingo :
_bFotomecànica Gerardo,
_c1979
300 _a140 p. :
_bil.
_c22 cm
590 _aInventariado, 2020 / DG
910 _aInventariado, 2020 / DG
942 _2ddc
_cLF1
999 _c48862
_d48862